[Event "XXIII OPEN INTERNACIONAL ESCACS DE TORREDEMBARRA"]
[Site "Torredembarra"]
[Date "2023.07.07"]
[Round "7.6"]
[White "Domene Mulyukov, Alexander"]
[Black "Alegre Bosch, Blai"]
[Result "1-0"]
[TimeControl "90'+30\""]
[WhiteTitle "FM"]
[WhiteFideId "24589802"]
[BlackFideId "54563925"]
[WhiteElo "2232"]
[BlackElo "1765"]

1. e4 {[%clk 01:30:55]} {[%emt 00:00:04]} e6 {[%clk 01:30:44]} {[%emt
00:00:17]} 2. d4 {[%clk 01:31:13]} {[%emt 00:00:12]} d5 {[%clk 01:30:49]}
{[%emt 00:00:25]} 3. Nc3 {[%clk 01:31:37]} {[%emt 00:00:06]} Be7 {[%emt
00:00:37]} 4. e5 {[%clk 01:31:55]} {[%emt 00:00:02]} c5 {[%clk 01:30:45]}
{[%emt 00:00:37]} 5. Qg4 {[%clk 01:32:15]} {[%emt 00:00:11]} g5 {[%emt
00:02:23]} 6. dxc5 {[%emt 00:04:29]} Nc6 {[%emt 00:01:00]} 7. Bb5 {[%emt
00:02:40]} h5 {[%emt 00:13:46]} 8. Bxc6+ {[%clk 01:20:04]} {[%emt 00:00:13]}
bxc6 {[%clk 01:21:45]} {[%emt 00:00:10]} 9. Qa4 {[%emt 00:03:06]} Bd7 {[%clk
01:18:10]} {[%emt 00:01:05]} 10. Be3 {[%emt 00:05:30]} Nh6 {[%clk 01:14:21]}
{[%emt 00:02:21]} 11. Nge2 {[%emt 00:03:36]} Nf5 {[%emt 00:02:08]} 12. Bd4
{[%emt 00:06:42]} Nxd4 {[%emt 00:00:41]} 13. Qxd4 {[%emt 00:08:13]} f6 {[%emt
00:12:24]} 14. O-O-O {[%clk 01:01:24]} {[%emt 00:02:12]} fxe5 {[%clk 00:55:52]}
{[%emt 00:02:34]} 15. Qxe5 {[%clk 01:01:39]} {[%emt 00:00:15]} Bf6 {[%clk
00:55:55]} {[%emt 00:00:27]} 16. Qe3 {[%emt 00:15:04]} Rb8 {[%clk 00:38:30]}
{[%emt 00:03:45]} 17. Kb1 {[%clk 00:51:54]} {[%emt 00:09:51]} Qa5 {[%emt
00:14:29]} 18. h4 {[%clk 00:39:44]} {[%emt 00:00:54]} Qb4 {[%clk 00:32:53]}
{[%emt 00:03:53]} 19. b3 {[%emt 00:13:28]} Bxc3 {[%clk 00:19:56]} {[%emt
00:00:14]} 20. Nxc3 {[%emt 00:08:01]} Qf4 {[%emt 00:14:44]} 21. hxg5 {[%clk
00:19:58]} {[%emt 00:04:01]} Qxe3 {[%clk 00:15:04]} {[%emt 00:00:08]} 22. fxe3
{[%emt 00:01:31]} Ke7 {[%clk 00:14:02]} {[%emt 00:00:07]} 23. e4 {[%emt
00:01:59]} Rbg8 {[%clk 00:12:27]} {[%emt 00:00:38]} 24. exd5 {[%clk 00:20:38]}
{[%emt 00:00:12]} cxd5 {[%clk 00:11:44]} {[%emt 00:01:14]} 25. Rhe1 {[%emt
00:01:39]} Rxg5 {[%emt 00:01:34]} 26. Nxd5+ {[%clk 00:20:03]} {[%emt 00:01:08]}
Kf7 {[%emt 00:01:35]} 27. Nf4 {[%emt 00:02:26]} Ke7 {[%emt 00:06:29]} 28. c6
{[%clk 00:12:36]} {[%emt 00:01:05]} Bc8 {[%clk 00:06:57]} {[%emt 00:00:52]} 29.
Re4 {[%emt 00:05:06]} Rhg8 {[%emt 00:01:51]} 30. b4 {[%emt 00:01:41]} a5 {[%clk
00:01:23]} {[%emt 00:00:04]} 31. a3 {[%emt 00:00:37]} axb4 {[%clk 00:01:11]}
{[%emt 00:00:18]} 32. axb4 {[%emt 00:00:12]} Rb5 {[%emt 00:00:45]} 33. Ka2
{[%emt 00:01:37]} e5 {[%emt 00:02:10]} 34. c4 {[%emt 00:01:54]} 1-0